Normal view MARC view
  • Lacandones

Entry Materia

Number of records used in: 8

001 - NÚMERO DE CONTROL DEL REGISTRO

  • campo de control: 22707

003 - IDENTIFICADOR DE NUMERO DE CONTROL

  • campo de control: UPN

005 - FECHA Y HORA DE LA ÚLTIMA TRANSACCIÓN

  • campo de control: 20240220083845.0

008 - DATOS DE LONGITUD FIJA

  • campo de control de longitud fija: 240220na|acnnnbabn n ana |d

035 ## - NÚMERO DE CONTROL DEL SISTEMA

  • Número de control del sistema: UPN10000022716

040 ## - FUENTE DE LA CATALOGACIÓN

  • Lengua de catalogación: spa
  • Centro catalogador de origen: MX-MxUPN

150 ## - ENCABEZAMIENTO - TEMÁTICO

  • Término de materia o nombre geográfico como elemento inicial: Lacandones
  • Subdivisión de materia general: Vida social y costumbres

670 ## - FUENTE EN LA QUE SE LOCALIZARON DATOS

  • Cita de la fuente: Escamilla González G. Lista de encabezamientos de materia, 1978:
  • Información localizada: página 469 (Lacandones)

670 ## - FUENTE EN LA QUE SE LOCALIZARON DATOS

  • Cita de la fuente: Autoridades BGTQ, 20 de febrero de 2022:
  • Información localizada: encabezamiento (Lacandones)

670 ## - FUENTE EN LA QUE SE LOCALIZARON DATOS

  • Cita de la fuente: Autoridades BGTQ, 20 de febrero de 2022
  • Información localizada: subencabezamiento de materia general (Vida social y costumbres)

902 ## - CATALOGADOR

  • Catalogador: LG/200600
  • Catalogador: MaríaRobles/200224